000
00267nam a2200121Ia 4500
008
190216s9999||||xx |||||||||||||| ||und||
100
_a
Theraja B L
245
0
_a
Modern Physics
260
_b
S Chand & Co
_c
1999
300
_a
432 p
650
_a
Physics
942
_c
BK
999
_c
33079
_d
33079